| 000 | 01308cam a22003251i 4500 | ||
|---|---|---|---|
| 003 | SA-RiAUC | ||
| 005 | 20250824034009.0 | ||
| 008 | 250814s2007 su g b 000 0dara c | ||
| 020 | _a9960983552 | ||
| 040 |
_aIMAM _bara _cSA-RiAUC _erda |
||
| 050 | 4 | _b.B33 2007 | |
| 082 | 0 | 4 |
_a252.3 _qSA-RiAUC |
| 090 |
_a252.3 _bب ع د |
||
| 100 | 1 |
_aالبعداني، فيصل بن علي _eمؤلف. |
|
| 245 | 1 | 0 |
_aهكذا كان النبي صلى الله عليه وسلم في رمضان / _cفيصل بن علي البعداني. |
| 250 | _aالطبعة الأولى. | ||
| 264 | 1 |
_aالرياض : _bمجلة البيان، _c2007 |
|
| 300 |
_a177 صفحة ؛ _c20 × 14 سم. |
||
| 300 |
_a177 صفحة ؛ _c20 سم. |
||
| 336 |
_aنص _btxt _2rdacontent _3كتاب |
||
| 337 |
_aبدون وسيط _bn _2rdamedia |
||
| 338 |
_aمجلد _bnc _2rdacarrier |
||
| 490 | 0 |
_aسلسلة كتاب البيان ؛ _v82 |
|
| 504 | _aيشتمل على إرجاعات ببليوجرافية. | ||
| 600 | 0 | 7 |
_aمحمد (صلى الله عليه وسلم)، _d53 قبل الهجرة-11 هجري _xأخلاق _2aucnm |
| 650 | 7 |
_aالصوم (فقه إسلامي) _2aucsh |
|
| 650 | 7 |
_aالعبادات (فقه إسلامي) _2aucsh |
|
| 942 |
_2ddc _cBOOK _n0 |
||
| 949 |
_aSA-JeALM _d250814 _umohamedma123 _n1 |
||
| 999 |
_c11045 _d11045 |
||